Demon slayer. (Record no. 324632)
[ view plain ]
| 000 -LEADER | |
|---|---|
| fixed length control field | 01379cam a2200421 i 4500 |
| 001 - CONTROL NUMBER | |
| control field | BK0021750287 |
| 003 - CONTROL NUMBER IDENTIFIER | |
| control field | UtVeUCL |
| 005 - DATE AND TIME OF LATEST TRANSACTION | |
| control field | 20260217151646.0 |
| 008 - FIXED-LENGTH DATA ELEMENTS--GENERAL INFORMATION | |
| fixed length control field | 180702s2018 caua 6 000 0 eng d |
| 010 ## - LIBRARY OF CONGRESS CONTROL NUMBER | |
| LC control number | bl2018125385 |
| 020 ## - INTERNATIONAL STANDARD BOOK NUMBER | |
| International Standard Book Number | 9781974700523 : PAP |
| Terms of availability | 9.99 |
| 020 ## - INTERNATIONAL STANDARD BOOK NUMBER | |
| International Standard Book Number | 1974700526 : PAP |
| Terms of availability | 9.99 |
| Qualifying information | pbk. |
| 037 ## - SOURCE OF ACQUISITION | |
| Source of stock number/acquisition | Viz, C/O Simon & Schuster 100 Front st, Riverside, NJ, USA, 08075-7500 |
| Note | SAN 200-2442 |
| 040 ## - CATALOGING SOURCE | |
| Original cataloging agency | NjBwBT |
| Language of cataloging | eng |
| Transcribing agency | NjBwBT |
| Description conventions | rda |
| Modifying agency | NjBwBT |
| 041 1# - LANGUAGE CODE | |
| Language code of text/sound track or separate title | eng |
| Language code of original and/or intermediate translations of text | jpn |
| 050 14 - LIBRARY OF CONGRESS CALL NUMBER | |
| Classification number | PN6790.J33 |
| Item number | G6713 2018 v. 1 |
| 082 04 - DEWEY DECIMAL CLASSIFICATION NUMBER | |
| Classification number | 741.5/952 |
| Edition number | 23 |
| 092 ## - LOCALLY ASSIGNED DEWEY CALL NUMBER (OCLC) | |
| Classification number | 741.5952 |
| 100 1# - MAIN ENTRY--PERSONAL NAME | |
| Personal name | Gotoge, Koyoharu, |
| Dates associated with a name | 1988- |
| Relator term | author, |
| -- | artist. |
| 9 (RLIN) | 6394401 |
| 240 10 - UNIFORM TITLE | |
| Uniform title | <a href="Kimetsu no yaiba.">Kimetsu no yaiba.</a> |
| Language of a work | English |
| 245 10 - TITLE STATEMENT | |
| Title | Demon slayer. |
| Name of part/section of a work | Cruelty |
| 246 30 - VARYING FORM OF TITLE | |
| Title proper/short title | Cruelty |
| 250 ## - EDITION STATEMENT | |
| Edition statement | Shonen Jump edition. |
| 264 #1 - Production, Publication, Distribution, Manufacture, and Copyright Notice. | |
| Place of production, publication, distribution, manufacture | San Francisco, CA : |
| Name of producer, publisher, distributor, manufacturer | VIZ Media, LLC, |
| Date of production, publication, distribution, manufacture, or copyr | [2018] |
| 300 ## - PHYSICAL DESCRIPTION | |
| Extent | 152 pages : |
| Other physical details | illustrations ; |
| Dimensions | 20 cm. |
| 336 ## - Content Type | |
| Content type term | text |
| 336 ## - Content Type | |
| Content type term | still image |
| 337 ## - Media type | |
| Media type term | unmediated |
| 338 ## - Carrier type | |
| Carrier type term | volume |
| 490 ## - SERIES STATEMENT | |
| Series statement | Demon Slayer |
| Volume number/sequential designation | #1 |
| 500 ## - GENERAL NOTE | |
| General note | Cover title. |
| 500 ## - GENERAL NOTE | |
| General note | Pages numbered from right to left. |
| 500 ## - GENERAL NOTE | |
| General note | Chiefly illustrations. |
| 655 #0 - INDEX TERM--GENRE/FORM | |
| Genre/form data or focus term | Graphic novels. |
| 9 (RLIN) | 6394402 |
| 700 1# - ADDED ENTRY--PERSONAL NAME | |
| Personal name | Werry, John |
| Titles and other words associated with a name | (Translator), |
| Relator term | translator. |
| 9 (RLIN) | 5712317 |
| 700 0# - ADDED ENTRY--PERSONAL NAME | |
| Personal name | Stan!, |
| Dates associated with a name | 1964- |
| Relator term | author. |
| 9 (RLIN) | 6394403 |
| 942 ## - ADDED ENTRY ELEMENTS (KOHA) | |
| Source of classification or shelving scheme | Dewey Decimal Classification |
| Koha item type | BOOK |
| Withdrawn status | Lost status | Source of classification or shelving scheme | Damaged status | Not for loan | Collection code | Home library | Current library | Shelving location | Date acquired | Source of acquisition | Cost, normal purchase price | Serial Enumeration / chronology | Total Checkouts | Total Renewals | Full call number | Barcode | Checked out | Date last seen | Date checked out | Cost, replacement price | Price effective from | Koha item type |
|---|---|---|---|---|---|---|---|---|---|---|---|---|---|---|---|---|---|---|---|---|---|---|
| Dewey Decimal Classification | Young Adult Graphic Novels | Wasatch County Library | Wasatch County Library | First Floor | 03/18/2020 | KidsReference | 22.00 | #1 | 58 | 26 | YA GN Gotouge | 34301001638370 | 05/07/2026 | 03/11/2026 | 03/11/2026 | 22.00 | 03/20/2020 | BOOK |
